Histoire de Chypre par évenement - click quiz - Statistiques

Statistiques générales
  • Ce quiz a été pris 11 fois
  • Le résultat moyen est 10 sur 30
Statistiques - réponses
Hint Réponse % Correct
Arrivée des colons grecs - 1050
50%
Conquête par l'Empire Perse - 530
50%
Bataille de Salamine - 450
50%
Mort de Umm Hâram, nourrice de Mahomet, lors du siège de Larnaca 647
50%
Création du Royaume de Chypre par les croisés 1192
50%
Siège de Saint-Jean d'Acre, fin des royaumes croisés hors de Chypre 1291
50%
Indépendance 1960
50%
Invasion par la Turquie 1974
50%
Ouverture de la ligne verte 2003
50%
Accession à l'UE 2004
50%
Extinction de l'hippopotame nain de Chypre - 11 000
33%
Fondation de Choirokoitia, aujourd'hui un site du patrimoine mondial de l'Unesco - 7 000
33%
Début du condominium arabo-byzantin sur Chypre 688
33%
Reconquête byzantine de l'île 965
33%
Consécration de la cathédrale Saint-Nicolas de Famagouste 1328
33%
Début de la période ottomane 1573
33%
Construction de l'aqueduc de Kamares 1748
33%
Début de la période britannique 1878
33%
Kanlı Noel / Noël sanglant 1963
33%
Fin de la présidence de Makarios 1977
33%
Élection de Dimítris Khristófias, premier président communiste 2008
33%
Début de la crise économique 2012
33%
Création de l'Église de Chypre 431
17%
Lancement de la construction de la cathédrale de Nicosie 1208
17%
Fin du règne de Catherine Cornaro, début de la période vénitienne 1489
17%
Construction du Hala Sultan Tekke 1760
17%
Oktovriana, révolte d'Octobre 1931
17%
Référundum interdit sur l'Enosis* 1950
17%
Fondation de l'EOKA 1955
17%
Fin de la Palmérocratie 1940
0%
Aucun quiz correspondant
Distribution des résultats
% des personnes avec chaque résultat
Percentile par nombre de réponses
Votre historique - résultats
Vous n’avez pas pris ce quiz